000
00297nam a22001337a 4500
008
170316b xxu||||| |||| 00| 0 eng d
020
_a
9781428304215
041
_a
eng
080
_2
11 ED
_a
611
100
_a
7
101
_a
SHM
245
_a
BODY STRUCTURE FUNCTION
_c
SCOTT.A.S
942
_2
udc
_c
BK
999
_c
7959
_d
7959